000 00203nam a2200085Ia 4500
008 250605s9999 xx 000 0 und d
041 _aeng
100 _aKajal Singh
245 _aNeoDove Technologies Pvt. Ltd.
999 _c45332
_d45332